00777cam a2200217 a 450000100100000000500170001000800410002701000130006804000250008110000430010624501140014925000120026326000260027530000170030150000370031865000270035565000310038265000180041395201130043199900150054400000254820200929150218.0780629m19481947sp ch 000 0 spa  a50056830 aDO-SdBNPbspacBNPHU1 aMuñoz Seca, Pedro,d1881-1936.9801210aObras completas :bPedro Muñoz Seca /cPedro Muñoz Seca; colaboración de Don Pedro Pérez Fernández. a2a. ed. aMadrid :bFax,c1948. av. ;c17 cm. aLa biblioteca posee el tomo v. 2 4aTeatro español93071 4aLiteratura española9632 4aComedia98013 001052708MOaGRbGRcCTd2009-07-17iLF1l0ov. 2p2548-10r2020-06-25w2020-06-25y2ZPréstamo interno c2384d2384